| 000 | 00692nam a22002175i 4500 | ||
|---|---|---|---|
| 001 | 176481 | ||
| 003 | ES-MaACL | ||
| 005 | 20240603125732.0 | ||
| 008 | 110118s1975 sp |||| | spa d | ||
| 020 | _a84-85137-19-1 | ||
| 080 | _a821.134.2-311.2"19" | ||
| 100 | 1 |
_aArconada, César M., _d1898-1964 _9142239 |
|
| 245 | 1 | 3 |
_aLa turbina / _cCésar Muñoz Arconada ; prólogo de Gonzalo Santonja. |
| 260 |
_aMadrid : _bTurner, _cD. L. 1975. |
||
| 300 |
_a175 p. ; _c21 cm. |
||
| 490 | 1 |
_aLa novela social española ; _v4 |
|
| 700 | 1 |
_aSantonja, Gonzalo, _d1952- _9103451 |
|
| 830 | 0 |
_aLa novela social española ; _v4 _9190093 |
|
| 852 |
_aES-MaACL _jE-14084 |
||
| 999 |
_c176481 _d176481 |
||